000 00641cam a22002291 4500
001 sa 65009896
003 DLC
005 20260227112205.0
008 850517s1965 io 000 0bind
010 _asa 65009896
025 _aPL480:Indo-2019
035 _a(OCoLC)23536558
040 _aDLC
_cMiU
_dDLC
042 _apremarc
050 0 0 _aDC137.1
_b.I3
100 1 _aIdris, Soewardi.
245 0 0 _aMarie Antoinette dari istana ketiang guellotine.
250 _a[Tjet. 1]
260 _aDjakarta,
_bTekad,
_c1965.
300 _a54 p.
_c18 cm.
600 0 0 _aMarie Antoinette,
_cQueen, consort of Louis XVI, King of France,
_d1755-1793.
999 _c66499
_d66499